| 000 | 00813nam a2200253 a 4500 | ||
|---|---|---|---|
| 001 | 000010617 | ||
| 003 | DO-SdBNP | ||
| 005 | 20240412074220.0 | ||
| 008 | 091008s1999 dr a 000 p spa d | ||
| 040 |
_aDO-SdBNP _bspa _cBNPHU |
||
| 082 | 4 |
_aRD861.44 _bP376p _222 |
|
| 100 | 1 |
_aPeguero, José, _d1954- _925701 |
|
| 245 | 1 | 0 |
_aPisadas de luna / _cJosé Peguero ; prólogo Carlos Báez. |
| 260 |
_aSanto Domingo : _bCayena, _c1999. |
||
| 300 |
_a109 p. : _bil. ; _c21 cm. |
||
| 500 | _aIncluye datos biográficos del autor en las solapas. | ||
| 590 | _aInventariado, 2023/MFF | ||
| 650 | 4 |
_aPoesía dominicana _966 |
|
| 650 | 0 |
_aLiteratura dominicana. _967 |
|
| 700 | 1 |
_aBáez, Carlos, _epról. _925702 |
|
| 710 | 1 |
_aSoluciones Gráfica Rivera _925703 |
|
| 910 | _aInventariado, 2023/MFF | ||
| 942 |
_2ddc _cLBS1 |
||
| 999 |
_c10375 _d10375 |
||